Juntacadáveres
Saved in:
| Hovedforfatter: | |
|---|---|
| Format: | Bog |
| Sprog: | spansk |
| Udgivet: |
Madrid
Revista de Occidente
1969
|
| Serier: | Cimas de Américas
|
| Fag: | |
| Tags: |
Tilføj Tag
Ingen Tags, Vær først til at tagge denne postø!
|
MARC
| LEADER | 00000nam a2200000 a 4500 | ||
|---|---|---|---|
| 001 | UCQ1935 | ||
| 003 | CL-VaPUC | ||
| 008 | 980721e19690000SP |||||||||||||||||spa|d | ||
| 082 | 0 | 4 | |a Ur863 |b ONE |2 21 |
| 100 | |a Onetti, Juan Carlos |e autor |9 376728 | ||
| 245 | 1 | 0 | |a Juntacadáveres |
| 300 | |a 239 p | ||
| 942 | |c BK | ||
| 945 | |d 19980721 00:00:00 |a lriquelm | ||
| 260 | |a Madrid |b Revista de Occidente |c 1969 | ||
| 650 | 0 | |a Novelas uruguayas |9 317140 | |
| 650 | 0 | |a Literatura uruguaya |9 342815 | |
| 583 | |a last modification |c 19980721 00:00:00 |k Rodrigo Vera | ||
| 490 | 0 | |a Cimas de Américas | |
| 999 | |c 272778 |d 272776 | ||
| 952 | |0 0 |1 0 |4 0 |6 UR_863_000000000000000_ONE_1969 |7 0 |8 A |9 307935 |a BIBEDU |b BIBEDU |d 2019-11-20 |i 1438417 |o Ur863 ONE 1969 |p 1438417 |r 2019-11-20 |w 2019-11-20 |y BK |k LIT | ||